000 00445nam a2200181Ia 4500
001 22419
005 20260414150830.0
008 260414t2014||||xx |||||||||||||| ||spa||
041 _aESP
082 _a621.381
_bP45
100 _aPérez García, Miguel Ángel
_eAUT
245 0 _aInstrumentación electrónica
_b
260 _c2014
300 _axix, 570 páginas :
_c27 cm.
650 _aTCA
654 _aCET
942 _cLIB
_dJUS
_fJUS
_2ddc
_n
999 _c22419
_d22419